[Event "Zlin Region-chT 2223"]
[Site "Czech Republic"]
[Date "2023.02.26"]
[Round "9.7"]
[White "Valkovic, Marek"]
[Black "Javor, Jan"]
[Result "1-0"]
[WhiteElo "1760"]
[BlackElo "1758"]
[PlyCount "61"]
[EventDate "2022.10.09"]
[EventType "team-tourn"]
[EventRounds "11"]
[EventCountry "CZE"]
[SourceTitle "EXT 2024"]
[Source "ChessBase"]
[SourceDate "2023.10.10"]
[SourceVersion "1"]
[SourceVersionDate "2023.10.10"]
[SourceQuality "1"]
[WhiteTeam "Zlin Malenovice"]
[BlackTeam "Vlcnov  II"]
[WhiteTeamCountry "CZE"]
[BlackTeamCountry "CZE"]

1. d4 Nf6 2. c4 g6 3. Nc3 d5 4. cxd5 Nxd5 5. e4 Nxc3 6. bxc3 Bg7 7. Nf3 c5 8. Rb1 cxd4 9. cxd4 0-0 10. Be2 Nc6 11. d5 Ne5 12. 0-0 Nxf3+ 13. Bxf3 b6 14. Qb3 Ba6 15. Rd1 Bc8 16. Ba3 Be5 17. d6 exd6 18. Bxd6 Bxd6 19. e5 Be6 20. Qe3 Rc8 21. exd6 Qf6 22. Qa3 Rc3 23. Qxa7 Rxf3 24. gxf3 Qxf3 25. Qe7 Bd5 26. Rxd5 Qxd5 27. d7 Kg7 28. Re1 h6 29. Qxf8+ Kxf8 30. Re8+ Kg7 31. d8Q 1-0

[Event "Zlin Region-chT 2223"]
[Site "Czech Republic"]
[Date "2022.10.09"]
[Round "1.7"]
[White "Javor, Jan"]
[Black "Jurca, Marek"]
[Result "0-1"]
[WhiteElo "1758"]
[BlackElo "1924"]
[PlyCount "52"]
[EventDate "2022.10.09"]
[EventType "team-tourn"]
[EventRounds "11"]
[EventCountry "CZE"]
[SourceTitle "EXT 2024"]
[Source "ChessBase"]
[SourceDate "2023.10.10"]
[SourceVersion "1"]
[SourceVersionDate "2023.10.10"]
[SourceQuality "1"]
[WhiteTeam "Vlcnov  II"]
[BlackTeam "Zlin II"]
[WhiteTeamCountry "CZE"]
[BlackTeamCountry "CZE"]

1. e4 c6 2. d4 d5 3. Nc3 dxe4 4. Nxe4 Bf5 5. Ng3 Bg6 6. Nf3 Nd7 7. Bd3 Ngf6 8. Bxg6 hxg6 9. 0-0 Qc7 10. a4 e6 11. c4 Be7 12. Re1 Rd8 13. Qe2 Kf8 14. Bd2 Nh5 15. d5 Nc5 16. b4 Nb3 17. dxe6 Nxd2 18. Nxd2 Nf4 19. Qf3 Rxd2 20. exf7 Rd3 21. Rxe7 Kxe7 22. Re1+ Kxf7 23. Qe4 Rhd8 24. Ne2 Rd1 25. Nxf4 Rxe1+ 26. Qxe1 Qxf4 0-1